000 01680nam0a2200337 4500
001 RU\NLR\BIBL_A\022566559
005 20250630183353.0
010 _9500
_a5-7091-0089-7
035 _a(NLR Aleph) 022566559
090 _a13440436
_c13440436
100 _a20250613d1997 |||y0rusy50 ca
101 0 _akhk
102 _aRU
105 _ay z 000 y
181 0 _ai
_baxxe
182 0 _an
200 1 _aЛитература науказы терминнерінің орыс-хакас сӧстігі
_eхакас литературазы ӱгретчілеріне пособие
_eнааӌылалып, ікінӌізін сығарылча
_fА. Г. Кызласова, В. Е. Майногашева, С. А. Майнагашев
203 _aТекст
_bвизуальный
_cнепосредственный
205 _a2-е изд., обновленное
210 _aАғбан
_cХак. кн. изд-возы
_d1997
215 _a54, [1] с.
_d20
330 _aПособие для учителей национальных школ по использованию литературоведческих терминов на хакасском языке.
541 1 _aСловарь литературоведческих терминов
_zrus
_eучебное пособие
686 1 _aЧ426.21
700 1 _aКызласова
_bА.Г.
_gАнна Герасимовна
_4070
701 1 _aМайногашева
_bВ. Е.
_gВалентина Евгеньевна
_4070
701 1 _aМайнагашев
_bС. А.
_gСергей Александрович
_4070
852 _aNLR
_bОНЛ
_jХакас./2-357
942 _cBOOK
980 _aNB